书目信息 |
| 题名: |
当代国际人物词典
|
|
| 作者: | ;当代国际人物词典编写组 编 | |
| 分册: | ||
| 出版信息: | 上海 上海辞书出版社 1980 |
|
| 页数: | 1486页 | |
| 开本: | 19cm | |
| 丛书名: | ||
| 单 册: | ||
| 中图分类: | K811-61 , K-61 | |
| 科图分类: | ||
| 主题词: | 名录--世界--现代--词典 , 历史 , 地理 | |
| 电子资源: | ||
| ISBN: | ||
| 000 | 00718nam0 2200253 45 | |
| 001 | 1568122497 | |
| 005 | 20150128083132.29 | |
| 010 | @b精装@dCNY6.70 | |
| 091 | @aCN@b17187.38 | |
| 100 | @a19950705d1980 emky0chiy0121 ea | |
| 101 | 0 | @achi |
| 102 | @aCN@b310000 | |
| 105 | @ay e 000yy | |
| 200 | 10 | @a当代国际人物词典@Adang dai guo ji ren wu ci dian@f当代国际人物词典编写组编 |
| 210 | @a上海@c上海辞书出版社@d1980 | |
| 215 | @a1486页@d19cm | |
| 606 | @a名录@y世界@z现代@x词典 | |
| 606 | 0 | @a历史 |
| 606 | 0 | @a地理 |
| 690 | @aK811-61@v3 | |
| 690 | @aK-61@v4 | |
| 711 | 02 | @a当代国际人物词典编写组@Adang dai guo ji ren wu ci dian bian xie zu@4编 |
| 801 | 0 | @aCN@bTSSF@c20150128 |
| 905 | @aZUCC@dK-61@eJY39 | |
| 当代国际人物词典/当代国际人物词典编写组编.-上海:上海辞书出版社,1980 |
| 1486页;19cm |
| ISBN (精装):CNY6.70 |
| ● |
| 相关链接 |
|
|
|
|
正题名:当代国际人物词典
索取号:K-61/JY39
 
预约/预借
| 序号 | 登录号 | 条形码 | 馆藏地/架位号 | 状态 | 备注 |
| 1 | 7840863 | 278408634 | 学院路分馆/ [索取号:K-61/JY39] | 在馆 | |
| 2 | 7840864 | 278408643 | 学院路分馆/ [索取号:K-61/JY39] | 在馆 |